000 00416nam a2200181Ia 4500
008 210210b1938 xxu||||| |||| 00| 0 eng d
041 _aeng
082 _a829/336
100 _aDUDLEY (Owen Francis)
245 _aShadow on the earth
260 _aLondon
_bLongmans Green & Co
_c1938
650 _athe
650 _aShadow
650 _aon
650 _aearth
690 _aEnglish Fiction
906 _a016940
999 _c136870
_d136870